[Event "Copenhagen Spring Amager E"]
[Site "Copenhagen"]
[Date "2023.04.25"]
[Round "2"]
[White "Andersen, Peter"]
[Black "Balling, Thomas"]
[Result "1-0"]
[WhiteElo "1508"]
[BlackElo "1623"]
[PlyCount "61"]
[EventDate "2023.04.25"]
[EventType "tourn"]
[EventRounds "5"]
[EventCountry "DEN"]
[SourceTitle "EXT 2025"]
[Source "ChessBase"]
[SourceDate "2024.10.14"]
[SourceVersion "1"]
[SourceVersionDate "2024.10.14"]
[SourceQuality "1"]

1. d4 d5 2. Nf3 g6 3. Bf4 Bg7 4. e3 a6 5. a4 Nf6 6. Bd3 Nh5 7. Bg3 Nxg3 8. hxg3 Bg4 9. c3 Nd7 10. Nbd2 c6 11. Qc2 Bxf3 12. gxf3 e6 13. f4 Nf6 14. Nf3 Ne4 15. Bxe4 dxe4 16. Qxe4 Qd5 17. Qxd5 exd5 18. Kd2 f5 19. Ne5 Bxe5 20. fxe5 Ke7 21. Rh6 Kf7 22. Rah1 Kg7 23. Kd3 b5 24. a5 Ra7 25. b4 Rf7 26. Ke2 Rd7 27. Kf3 Rf7 28. Kf4 Kg8 29. e6 Rf6 30. Ke5 Kg7 31. Rxh7+ 1-0